Bluetooth application programming with the Java APIs.--essentials ed. (Record no. 36005)

MARC details
000 -LEADER
fixed length control field 00858nam a2200217 a 4500
008 - FIXED-LENGTH DATA ELEMENTS--GENERAL INFORMATION
fixed length control field 100122s2008 ||||||||||||||||| || u
020 ## - INTERNATIONAL STANDARD BOOK NUMBER
International Standard Book Number 9780123743428
050 ## - LIBRARY OF CONGRESS CALL NUMBER
Classification number TK 5103.3 Tho
100 ## - MAIN ENTRY--PERSONAL NAME
Personal name Thompson, Timothy J
245 10 - TITLE STATEMENT
Title Bluetooth application programming with the Java APIs.--essentials ed.
Statement of responsibility, etc. Timothy J. Thompson, Paul J. Kline, C. Bala Kumar
260 ## - PUBLICATION, DISTRIBUTION, ETC.
Place of publication, distribution, etc. Amsterdam
Name of publisher, distributor, etc. Morgan Kaufmann
Date of publication, distribution, etc. 2008
300 ## - PHYSICAL DESCRIPTION
Extent xviii, 286p.: ill.
350 ## - PRICE (NR) (BK AM CF MU VM SE) [OBSOLETE]
Price 0.00
490 ## - SERIES STATEMENT
Series statement Morgan Kaufmann series in networking
650 ## - SUBJECT ADDED ENTRY--TOPICAL TERM
Topical term or geographic name entry element TELECOMMUNICATION
650 ## - SUBJECT ADDED ENTRY--TOPICAL TERM
Topical term or geographic name entry element JAVA (COMPUTER PROGRAM LANGUAGE)
650 ## - SUBJECT ADDED ENTRY--TOPICAL TERM
Topical term or geographic name entry element BLUETOOTH TECHNOLOGY
700 ## - ADDED ENTRY--PERSONAL NAME
Personal name Kline, Paul J
700 ## - ADDED ENTRY--PERSONAL NAME
Personal name Kumar, C. Bala
995 ## - RECOMMENDATION 995 [LOCAL, UNIMARC FRANCE]
-- 0.00
-- CBU-MAIN LIBRARY (Kitwe)
-- 1
-- 0.00
-- 1
-- AVAILABLE
-- Feb 24, 2010
-- Main Library Open Access Collection
Holdings
Withdrawn status Lost status Source of classification or shelving scheme Damaged status Not for loan Home library Current library Shelving location Date acquired Total Checkouts Full call number Barcode Date last seen Price effective from Koha item type
          CBU-MAIN LIBRARY, KITWE. CBU-MAIN LIBRARY, KITWE.   11/30/2022   TK 5103.3 Tho 740510 11/30/2022 11/30/2022 MONOGRAPH